000 00644nam a2200193 a 4500
005 20140412111318.0
008 000825s19uu xx 00 eng d
020 _a0-395-55701-1
050 _aTR(PS E
_bFi44 1989
100 _aChristelow, Eileen
245 _aFive little monkeys jumping on the bed /
_cretold and illustrated by Eileen Christelow.
260 _aNew York :
_bClarion Books,
_c1989.
300 _a32 p. ; ill.
520 _aA counting book in which one by one little monkey jump on the bed only to fall off and bump their heads.
650 _aMonkeys-Fiction
650 _aCounting
999 _c104295
_d104295